000 00674nam a2200193Ia 4500
003 GCL
008 140319s9999 xx 000 0 ara d
040 _aGCL /
_cGCL
082 0 4 _a210.956
_bط م
100 1 _aطونى مفرج
245 1 0 _aموسوعة المجتمعات الدينية فى الشرق الاوسط /
_cطونى مفرج
300 _aمتعدد
490 _aالهيئة العامة للاستعلامات
_v0
650 0 4 _aالشيعة - الشرق الاوسط
650 0 4 _aالدروز - الشرق الاوسط
650 0 4 _aالمسيحيون - الشرق الاوسط
650 0 4 _aالسنه - الشرق الاوسط
942 _2ddc
_cBK
999 _c52012
_d52012